000 00432nam a2200169 a 4500
001 11904
003 CO-ViMGA
008 141112s2004 ck r 000 u spa d
020 _a8480552565
040 _aCO-ViMGA
_bspa
_cCO-ViMGA
082 _aR001.6403 D422i
245 1 0 _aDiccionario de informatica
260 _aMadrid,
_cCultural S.A.,
_c1999
300 _a360 p.
650 1 4 _aINFORMATICA - DICCIONARIO
_96330
942 _2ddc
_cBK
999 _c11417
_d11417